[Event "Mitropa Online Cup Women 2021"]
[Site "Hybrid"]
[Date "2021.05.04"]
[Round "4.4"]
[White "Zimina, Olga"]
[Black "Mueller-Seps, Monika"]
[Result "1/2-1/2"]
[WhiteElo "2354"]
[BlackElo "2243"]
[Annotator "NA"]
[PlyCount "125"]
[EventDate "2021.05.04"]
[EventType "team-tourn"]
[EventCountry "NET"]
[SourceTitle "playchess.com"]
[Source "ChessBase"]
[SourceQuality "1"]
[WhiteTeam "Italy"]
[BlackTeam "Switzerland"]
[WhiteTeamCountry "ITA"]
[BlackTeamCountry "SUI"]
[TimeControl "40/5400+30:1800+30"]

1. d4 {[%emt 0:00:00]} Nf6 {[%emt 0:00:08]} 2. c4 {[%emt 0:00:15]} g6 {[%emt 0:00:12]} 3. Nc3 {[%emt 0:00:07]} Bg7 {[%emt 0:00:15]} 4. e4 {[%emt 0:00:09]} d6 {[%emt 0:00:06]} 5. Nf3 {[%emt 0:00:38]} O-O {[%emt 0:00:15]} 6. Be2 {[%emt 0:00:11]} Bg4 {[%emt 0:00:10]} 7. Be3 {[%emt 0:00:18]} Nfd7 {[%emt 0:00:21]} 8. O-O {[%emt 0:00:32]} Nc6 {[%emt 0:08:00]} 9. d5 {[%emt 0:00:21]} Bxf3 {[%emt 0:00:09]} 10. Bxf3 {[%emt 0:00:09]} Na5 {[%emt 0:00:08]} 11. Be2 {[%emt 0:00:08]} Bxc3 {[%emt 0:00:11]} 12. bxc3 {[%emt 0:00:13]} e5 {[%emt 0:00:08]} 13. dxe6 {[%emt 0:00:13]} fxe6 {[%emt 0:00:11]} 14. c5 {[%emt 0:00:10]} Nxc5 {[%emt 0:09:29]} 15. e5 {[%emt 0:00:28]} Qe7 {[%emt 0:04:36]} 16. exd6 {[%emt 0:09:34]} cxd6 {[%emt 0:00:16]} 17. Re1 {[%emt 0:00:35]} Nd7 {[%emt 0:32:58]} 18. Qa4 {[%emt 0:10:53]} b6 {[%emt 0:03:54]} 19. Rad1 {[%emt 0:01:13]} Nf6 {[%emt 0:01:06]} 20. Bg5 {[%emt 0:08:27]} Rac8 {[%emt 0:10:35]} 21. Bf3 {[%emt 0:31:05]} Rc4 {[%emt 0:06:54]} 22. Qa3 {[%emt 0:01:35]} Rc5 {[%emt 0:03:10]} 23. Bd5 {[%emt 0:03:47]} Rxd5 {[%emt 0:00:40]} 24. Rxd5 {[%emt 0:00:14]} Qf7 {[%emt 0:00:38]} 25. Rd3 {[%emt 0:13:01]} Nc4 {[%emt 0:04:27]} 26. Qb3 {[%emt 0:03:48]} Ne5 {[%emt 0:04:38]} 27. Rd2 {[%emt 0:01:07]} Nd5 {[%emt 0:01:22]} 28. c4 {[%emt 0:02:26]} Nf4 {[%emt 0:01:40]} 29. Qe3 {[%emt 0:07:24]} Nxc4 {[%emt 0:00:29]} 30. Qxf4 {[%emt 0:00:25]} Qxf4 {[%emt 0:00:03]} 31. Bxf4 {[%emt 0:00:10]} Rxf4 {[%emt 0:00:02]} 32. Rd3 {[%emt 0:03:16]} Kf7 {[%emt 0:03:37]} 33. g3 {[%emt 0:02:03]} Rf5 {[%emt 0:00:02]} 34. Kg2 {[%emt 0:00:21]} b5 {[%emt 0:02:03]} 35. Rd4 {[%emt 0:01:18]} Rc5 {[%emt 0:00:16]} 36. Rf4+ {[%emt 0:00:10]} Ke7 {[%emt 0:00:19]} 37. Rfe4 {[%emt 0:00:56]} Re5 {[%emt 0:00:02]} 38. Rxe5 {[%emt 0:00:33]} Nxe5 {[%emt 0:00:21]} 39. Rb1 {[%emt 0:00:22]} a6 {[%emt 0:00:35]} 40. a4 {[%emt 0:00:00]} bxa4 {[%emt 0:00:00]} 41. Rb7+ {[%emt 0:11:00]} Kf6 {[%emt 0:16:49]} 42. Ra7 {[%emt 0:13:15]} Nc4 {[%emt 0:00:08]} 43. Rxa6 {[%emt 0:00:07]} a3 {[%emt 0:00:01]} 44. f4 {[%emt 0:00:17]} g5 {[%emt 0:11:11]} 45. fxg5+ {[%emt 0:02:55]} Kxg5 {[%emt 0:00:13]} 46. Rc6 {[%emt 0:00:22]} a2 {[%emt 0:03:55]} 47. Ra6 {[%emt 0:00:10]} h5 {[%emt 0:00:25]} 48. Rxa2 {[%emt 0:02:42]} d5 {[%emt 0:00:07]} 49. Ra8 {[%emt 0:00:57]} Ne3+ {[%emt 0:00:32]} 50. Kf3 {[%emt 0:00:11]} Ng4 {[%emt 0:00:31]} 51. h3 {[%emt 0:00:48]} Nf6 {[%emt 0:00:02]} 52. Ra7 {[%emt 0:03:12]} Kf5 {[%emt 0:02:29]} 53. Rg7 {[%emt 0:00:17]} Ne4 {[%emt 0:02:48]} 54. h4 {[%emt 0:01:03]} e5 {[%emt 0:00:53]} 55. Ke3 {[%emt 0:00:30]} d4+ {[%emt 0:01:39]} 56. Kd3 {[%emt 0:00:06]} Nf2+ {[%emt 0:00:22]} 57. Ke2 {[%emt 0:00:07]} Ne4 {[%emt 0:00:09]} 58. Rg8 {[%emt 0:00:09]} Nf6 {[%emt 0:00:12]} 59. Rg5+ {[%emt 0:00:56]} Ke4 {[%emt 0:00:23]} 60. Rg6 {[%emt 0:00:28]} Kf5 {[%emt 0:01:00]} 61. Rg5+ {[%emt 0:00:08]} Ke4 {[%emt 0:00:02]} 62. Rg6 {[%emt 0:00:31]} Kf5 {[%emt 0:00:02]} 63. Rg5+ {[%emt 0:00:53]} 1/2-1/2

[Event "Mitropa Online Cup Women 2021"]
[Site "Hybrid"]
[Date "2021.05.04"]
[Round "4.4"]
[White "Hakimifard, Ghazal"]
[Black "Brunello, Marina"]
[Result "0-1"]
[WhiteElo "2265"]
[BlackElo "2367"]
[Annotator "NA"]
[PlyCount "110"]
[EventDate "2021.05.04"]
[EventType "team-tourn"]
[EventCountry "NET"]
[SourceTitle "playchess.com"]
[Source "ChessBase"]
[SourceQuality "1"]
[WhiteTeam "Switzerland"]
[BlackTeam "Italy"]
[WhiteTeamCountry "SUI"]
[BlackTeamCountry "ITA"]
[TimeControl "40/5400+30:1800+30"]

1. e4 {[%emt 0:00:00]} c5 {[%emt 0:00:03]} 2. Nf3 {[%emt 0:00:05]} d6 {[%emt 0:00:58]} 3. d4 {[%emt 0:00:04]} cxd4 {[%emt 0:00:23]} 4. Nxd4 {[%emt 0:00:05]} Nf6 {[%emt 0:00:01]} 5. Nc3 {[%emt 0:00:05]} a6 {[%emt 0:00:02]} 6. Be3 {[%emt 0:00:06]} e5 {[%emt 0:00:03]} 7. Nf3 {[%emt 0:00:05]} Qc7 {[%emt 0:00:05]} 8. a4 {[%emt 0:00:08]} Be7 {[%emt 0:00:08]} 9. a5 {[%emt 0:00:14]} O-O {[%emt 0:00:30]} 10. Be2 {[%emt 0:00:52]} Nbd7 {[%emt 0:00:05]} 11. Nd2 {[%emt 0:02:53]} b5 {[%emt 0:02:19]} 12. axb6 {[%emt 0:00:45]} Nxb6 {[%emt 0:00:04]} 13. Bxb6 {[%emt 0:01:40]} Qxb6 {[%emt 0:00:04]} 14. Nc4 {[%emt 0:01:57]} Qc6 {[%emt 0:06:23]} 15. O-O {[%emt 0:10:55]} Rb8 {[%emt 0:08:06]} 16. Nd5 {[%emt 0:05:46]} Nxd5 {[%emt 0:02:43]} 17. exd5 {[%emt 0:00:06]} Qe8 {[%emt 0:03:49]} 18. Qd2 {[%emt 0:06:12]} f5 {[%emt 0:04:52]} 19. Ra3 {[%emt 0:03:02]} Qg6 {[%emt 0:04:46]} 20. Na5 {[%emt 0:13:42]} Bg5 {[%emt 0:12:01]} 21. Qc3 {[%emt 0:05:37]} e4 {[%emt 0:14:45]} 22. f4 {[%emt 0:16:34]} exf3 {[%emt 0:00:34]} 23. Bxf3 {[%emt 0:01:48]} Bf6 {[%emt 0:00:59]} 24. Qc7 {[%emt 0:01:47]} Rxb2 {[%emt 0:01:16]} 25. Kh1 {[%emt 0:01:48]} Bg5 {[%emt 0:06:56]} 26. Rc3 {[%emt 0:07:13]} Qh6 {[%emt 0:07:34]} 27. Be2 {[%emt 0:04:07]} Rb4 {[%emt 0:04:22]} 28. Nc4 {[%emt 0:01:27]} Bf4 {[%emt 0:01:20]} 29. Rh3 {[%emt 0:02:02]} Qg5 {[%emt 0:00:31]} 30. Rh5 {[%emt 0:00:41]} Qg6 {[%emt 0:00:12]} 31. Rh4 {[%emt 0:02:00]} Rb7 {[%emt 0:01:30]} 32. Qc6 {[%emt 0:01:14]} Re7 {[%emt 0:06:40]} 33. Bf3 {[%emt 0:05:44]} Be5 {[%emt 0:05:06]} 34. Nxe5 {[%emt 0:02:08]} Rxe5 {[%emt 0:00:11]} 35. Bh5 {[%emt 0:01:05]} Qg5 {[%emt 0:00:59]} 36. g3 {[%emt 0:01:06]} Qe7 {[%emt 0:00:19]} 37. Rb4 {[%emt 0:01:49]} Re1 {[%emt 0:01:12]} 38. Kg2 {[%emt 0:00:23]} Rxf1 {[%emt 0:01:43]} 39. Kxf1 {[%emt 0:00:02]} f4 {[%emt 0:00:18]} 40. Rxf4 {[%emt 0:00:00]} Rxf4+ {[%emt 0:00:00]} 41. gxf4 {[%emt 0:02:06]} Bh3+ {[%emt 0:00:33]} 42. Kf2 {[%emt 0:00:02]} Qh4+ {[%emt 0:00:19]} 43. Ke3 {[%emt 0:00:01]} Qxh5 {[%emt 0:00:43]} 44. Qxd6 {[%emt 0:01:43]} Qe8+ {[%emt 0:00:54]} 45. Kd4 {[%emt 0:02:40]} a5 {[%emt 0:06:22]} 46. c4 {[%emt 0:02:01]} a4 {[%emt 0:09:02]} 47. Qa6 {[%emt 0:00:35]} Bf5 {[%emt 0:01:41]} 48. Kc3 {[%emt 0:10:44]} h6 {[%emt 0:01:31]} 49. Kb4 {[%emt 0:01:45]} Bd3 {[%emt 0:02:23]} 50. d6 {[%emt 0:03:09]} Bc2 {[%emt 0:05:45]} 51. Qa7 {[%emt 0:03:34]} Bf5 {[%emt 0:02:25]} 52. Qxa4 {[%emt 0:02:38]} Qe1+ {[%emt 0:01:29]} 53. Kc5 {[%emt 0:01:09]} Qe3+ {[%emt 0:00:21]} 54. Kb4 {[%emt 0:01:15]} Qb6+ {[%emt 0:00:07]} 55. Kc3 {[%emt 0:01:53]} Qxd6 {[%emt 0:00:06]} 0-1

[Event "Mitropa Online Cup Women 2021"]
[Site "Hybrid"]
[Date "2021.05.04"]
[Round "4.4"]
[White "Heinatz, Gundula"]
[Black "Sedina, Elena"]
[Result "1/2-1/2"]
[WhiteElo "2131"]
[BlackElo "2291"]
[Annotator "NA"]
[PlyCount "77"]
[EventDate "2021.05.04"]
[EventType "team-tourn"]
[EventCountry "NET"]
[SourceTitle "playchess.com"]
[Source "ChessBase"]
[SourceQuality "1"]
[WhiteTeam "Switzerland"]
[BlackTeam "Italy"]
[WhiteTeamCountry "SUI"]
[BlackTeamCountry "ITA"]
[TimeControl "40/5400+30:1800+30"]

1. d4 {[%emt 0:00:00]} Nf6 {[%emt 0:00:16]} 2. Bf4 {[%emt 0:00:11]} d6 {[%emt 0:09:24]} 3. Nc3 {[%emt 0:00:48]} g6 {[%emt 0:16:04]} 4. Qd2 {[%emt 0:06:01]} c6 {[%emt 0:08:11]} 5. e4 {[%emt 0:05:38]} b5 {[%emt 0:07:11]} 6. a3 {[%emt 0:03:06]} Nbd7 {[%emt 0:14:13]} 7. Nf3 {[%emt 0:01:14]} Bg7 {[%emt 0:05:07]} 8. Rd1 {[%emt 0:10:57]} O-O {[%emt 0:02:00]} 9. h3 {[%emt 0:03:19]} a5 {[%emt 0:07:13]} 10. Bd3 {[%emt 0:07:37]} Qc7 {[%emt 0:09:56]} 11. O-O {[%emt 0:06:43]} e5 {[%emt 0:00:38]} 12. dxe5 {[%emt 0:10:07]} dxe5 {[%emt 0:08:56]} 13. Bh6 {[%emt 0:02:36]} Nc5 {[%emt 0:02:16]} 14. Bxg7 {[%emt 0:01:16]} Kxg7 {[%emt 0:00:09]} 15. Qe3 {[%emt 0:06:54]} Ne6 {[%emt 0:01:17]} 16. Ne2 {[%emt 0:01:49]} Ba6 {[%emt 0:02:21]} 17. c3 {[%emt 0:06:56]} Rfd8 {[%emt 0:01:11]} 18. Ng5 {[%emt 0:08:34]} Nxg5 {[%emt 0:00:52]} 19. Qxg5 {[%emt 0:00:08]} h6 {[%emt 0:00:13]} 20. Qe3 {[%emt 0:00:53]} Qa7 {[%emt 0:01:37]} 21. Qg3 {[%emt 0:00:46]} Qe7 {[%emt 0:00:05]} 22. f4 {[%emt 0:06:52]} Nh5 {[%emt 0:00:05]} 23. Qf3 {[%emt 0:00:24]} Nxf4 {[%emt 0:00:55]} 24. Nxf4 {[%emt 0:00:46]} exf4 {[%emt 0:00:02]} 25. Qxf4 {[%emt 0:00:11]} Rd7 {[%emt 0:00:51]} 26. Bc2 {[%emt 0:01:40]} Rad8 {[%emt 0:01:17]} 27. Rxd7 {[%emt 0:00:41]} Rxd7 {[%emt 0:00:03]} 28. Bb3 {[%emt 0:00:56]} f6 {[%emt 0:00:42]} 29. h4 {[%emt 0:04:04]} Qe5 {[%emt 0:00:32]} 30. Qf2 {[%emt 0:01:07]} Bc8 {[%emt 0:00:46]} 31. h5 {[%emt 0:01:22]} g5 {[%emt 0:00:12]} 32. Qe3 {[%emt 0:01:23]} Re7 {[%emt 0:00:20]} 33. Re1 {[%emt 0:00:36]} f5 {[%emt 0:00:52]} 34. Qb6 {[%emt 0:00:36]} a4 {[%emt 0:00:32]} 35. Ba2 {[%emt 0:00:34]} Qc7 {[%emt 0:00:37]} 36. Qd4+ {[%emt 0:00:34]} Qe5 {[%emt 0:00:03]} 37. Qb6 {[%emt 0:00:07]} Qc7 {[%emt 0:00:33]} 38. Qd4+ {[%emt 0:00:06]} Qe5 {[%emt 0:00:03]} 39. Qb6 {[%emt 0:00:07]} 1/2-1/2

[Event "Mitropa Online Cup Women 2021"]
[Site "Hybrid"]
[Date "2021.05.04"]
[Round "4.4"]
[White "Grimaldi, Angela Flavia"]
[Black "Hund, Sarah"]
[Result "1-0"]
[WhiteElo "2060"]
[BlackElo "2049"]
[Annotator "NA"]
[PlyCount "133"]
[EventDate "2021.05.04"]
[EventType "team-tourn"]
[EventCountry "NET"]
[SourceTitle "playchess.com"]
[Source "ChessBase"]
[SourceQuality "1"]
[WhiteTeam "Italy"]
[BlackTeam "Switzerland"]
[WhiteTeamCountry "ITA"]
[BlackTeamCountry "SUI"]
[TimeControl "40/5400+30:1800+30"]

1. e4 {[%emt 0:00:00]} e5 {[%emt 0:00:10]} 2. Nf3 {[%emt 0:00:05]} Nc6 {[%emt 0:00:08]} 3. Bc4 {[%emt 0:00:04]} Nf6 {[%emt 0:00:16]} 4. d3 {[%emt 0:00:05]} Be7 {[%emt 0:00:23]} 5. h3 {[%emt 0:00:13]} d6 {[%emt 0:02:41]} 6. O-O {[%emt 0:00:12]} Na5 {[%emt 0:01:36]} 7. Bb5+ {[%emt 0:01:34]} c6 {[%emt 0:00:30]} 8. Ba4 {[%emt 0:00:05]} b5 {[%emt 0:00:44]} 9. Bb3 {[%emt 0:00:13]} O-O {[%emt 0:01:33]} 10. Nbd2 {[%emt 0:04:09]} Qc7 {[%emt 0:04:40]} 11. Re1 {[%emt 0:02:08]} Nxb3 {[%emt 0:05:49]} 12. axb3 {[%emt 0:00:59]} Be6 {[%emt 0:01:37]} 13. Nf1 {[%emt 0:02:15]} Rfe8 {[%emt 0:04:09]} 14. Bd2 {[%emt 0:17:09]} g6 {[%emt 0:06:34]} 15. c4 {[%emt 0:12:09]} Reb8 {[%emt 0:04:05]} 16. Qc2 {[%emt 0:02:50]} Nd7 {[%emt 0:03:41]} 17. Ra5 {[%emt 0:16:23]} Bd8 {[%emt 0:15:54]} 18. b4 {[%emt 0:13:22]} Nf8 {[%emt 0:07:58]} 19. b3 {[%emt 0:02:38]} Qe7 {[%emt 0:03:36]} 20. Ra2 {[%emt 0:03:38]} Bb6 {[%emt 0:01:18]} 21. Rc1 {[%emt 0:09:54]} Nd7 {[%emt 0:09:39]} 22. Bc3 {[%emt 0:02:50]} Qf6 {[%emt 0:03:30]} 23. Qe2 {[%emt 0:00:25]} Bd4 {[%emt 0:03:02]} 24. Nxd4 {[%emt 0:05:36]} exd4 {[%emt 0:00:07]} 25. Bd2 {[%emt 0:00:08]} c5 {[%emt 0:02:13]} 26. bxc5 {[%emt 0:01:16]} Nxc5 {[%emt 0:00:55]} 27. b4 {[%emt 0:01:57]} bxc4 {[%emt 0:05:27]} 28. dxc4 {[%emt 0:00:32]} d3 {[%emt 0:01:22]} 29. Qe3 {[%emt 0:00:39]} Nb3 {[%emt 0:00:46]} 30. Bc3 {[%emt 0:00:41]} Qe7 {[%emt 0:03:25]} 31. Rb1 {[%emt 0:00:13]} Bxc4 {[%emt 0:00:26]} 32. Ra3 {[%emt 0:00:13]} d2 {[%emt 0:04:11]} 33. Nxd2 {[%emt 0:00:26]} Nxd2 {[%emt 0:00:09]} 34. Bxd2 {[%emt 0:00:32]} a5 {[%emt 0:00:44]} 35. Qd4 {[%emt 0:00:21]} Be6 {[%emt 0:00:38]} 36. Bc3 {[%emt 0:00:27]} f6 {[%emt 0:00:09]} 37. Rba1 {[%emt 0:00:38]} Rb7 {[%emt 0:02:21]} 38. Rxa5 {[%emt 0:00:18]} Rc8 {[%emt 0:00:02]} 39. Ra8 {[%emt 0:00:29]} Kg7 {[%emt 0:01:05]} 40. Rxc8 {[%emt 0:00:00]} Bxc8 {[%emt 0:00:00]} 41. Rd1 {[%emt 0:03:08]} Rc7 {[%emt 0:05:01]} 42. Rd3 {[%emt 0:04:52]} Qe5 {[%emt 0:03:56]} 43. Qe3 {[%emt 0:03:54]} Qe6 {[%emt 0:00:49]} 44. Qf4 {[%emt 0:02:38]} Rd7 {[%emt 0:01:27]} 45. h4 {[%emt 0:07:24]} Bb7 {[%emt 0:06:33]} 46. h5 {[%emt 0:04:54]} Bxe4 {[%emt 0:03:30]} 47. Bxf6+ {[%emt 0:03:43]} Qxf6 {[%emt 0:01:26]} 48. Qxe4 {[%emt 0:00:13]} Re7 {[%emt 0:03:04]} 49. Qd4 {[%emt 0:00:45]} Re1+ {[%emt 0:02:57]} 50. Kh2 {[%emt 0:00:08]} Re5 {[%emt 0:01:20]} 51. hxg6 {[%emt 0:02:42]} hxg6 {[%emt 0:00:16]} 52. f4 {[%emt 0:02:26]} Rh5+ {[%emt 0:03:54]} 53. Kg1 {[%emt 0:00:16]} d5 {[%emt 0:00:10]} 54. Qxf6+ {[%emt 0:00:29]} Kxf6 {[%emt 0:00:03]} 55. Kf2 {[%emt 0:00:27]} Ke6 {[%emt 0:00:09]} 56. Rb3 {[%emt 0:00:15]} d4 {[%emt 0:03:29]} 57. b5 {[%emt 0:00:28]} Rh7 {[%emt 0:00:20]} 58. b6 {[%emt 0:00:11]} Rb7 {[%emt 0:00:02]} 59. Ke2 {[%emt 0:00:19]} Kf5 {[%emt 0:00:19]} 60. Kd3 {[%emt 0:00:13]} Kxf4 {[%emt 0:00:47]} 61. Kxd4 {[%emt 0:00:06]} g5 {[%emt 0:00:03]} 62. Kc5 {[%emt 0:00:13]} g4 {[%emt 0:01:08]} 63. Kc6 {[%emt 0:00:07]} Rh7 {[%emt 0:01:28]} 64. b7 {[%emt 0:00:56]} Rh6+ {[%emt 0:00:05]} 65. Kd5 {[%emt 0:00:25]} Rh8 {[%emt 0:00:09]} 66. g3+ {[%emt 0:00:27]} Kf5 {[%emt 0:00:06]} 67. b8=Q {[%emt 0:00:06]} 1-0

[Event "Mitropa Online Cup Women 2021"]
[Site "Hybrid"]
[Date "2021.05.04"]
[Round "4.5"]
[White "Cvitan, Ena"]
[Black "Janzelj, Lara"]
[Result "1-0"]
[WhiteElo "2263"]
[BlackElo "2212"]
[Annotator "NA"]
[PlyCount "89"]
[EventDate "2021.05.04"]
[EventType "team-tourn"]
[EventCountry "NET"]
[SourceTitle "playchess.com"]
[Source "ChessBase"]
[SourceQuality "1"]
[WhiteTeam "Croatia"]
[BlackTeam "Slovenia"]
[WhiteTeamCountry "CRO"]
[BlackTeamCountry "SLO"]
[TimeControl "40/5400+30:1800+30"]

1. d4 {[%emt 0:00:00]} d5 {[%emt 0:00:08]} 2. c4 {[%emt 0:00:07]} c6 {[%emt 0:00:06]} 3. cxd5 {[%emt 0:00:09]} cxd5 {[%emt 0:00:06]} 4. Nc3 {[%emt 0:00:09]} Nf6 {[%emt 0:00:12]} 5. Bf4 {[%emt 0:00:13]} Nc6 {[%emt 0:00:14]} 6. e3 {[%emt 0:00:20]} a6 {[%emt 0:00:16]} 7. Be2 {[%emt 0:00:33]} Bf5 {[%emt 0:06:35]} 8. Nf3 {[%emt 0:00:40]} e6 {[%emt 0:00:41]} 9. Qb3 {[%emt 0:00:57]} Na5 {[%emt 0:00:57]} 10. Qa4+ {[%emt 0:03:05]} Nc6 {[%emt 0:00:44]} 11. Ne5 {[%emt 0:06:35]} Qb6 {[%emt 0:13:31]} 12. O-O {[%emt 0:25:09]} Rc8 {[%emt 0:09:10]} 13. Rac1 {[%emt 0:07:00]} Be7 {[%emt 0:09:18]} 14. g4 {[%emt 0:02:51]} g5 {[%emt 0:23:07]} 15. Nxc6 {[%emt 0:09:09]} Rxc6 {[%emt 0:02:08]} 16. Be5 {[%emt 0:02:28]} Bg6 {[%emt 0:02:35]} 17. f4 {[%emt 0:01:19]} h6 {[%emt 0:08:59]} 18. fxg5 {[%emt 0:01:42]} Qxb2 {[%emt 0:03:34]} 19. gxf6 {[%emt 0:04:03]} Bb4 {[%emt 0:01:16]} 20. Rb1 {[%emt 0:11:15]} Bxb1 {[%emt 0:05:33]} 21. Rxb1 {[%emt 0:00:09]} Qxc3 {[%emt 0:00:15]} 22. Qxb4 {[%emt 0:00:54]} Qxb4 {[%emt 0:02:48]} 23. Rxb4 {[%emt 0:00:06]} Rc2 {[%emt 0:01:46]} 24. Rxb7 {[%emt 0:02:50]} O-O {[%emt 0:00:09]} 25. Bxa6 {[%emt 0:01:18]} Rxa2 {[%emt 0:00:31]} 26. Bf1 {[%emt 0:03:05]} Rc8 {[%emt 0:00:57]} 27. Rb8 {[%emt 0:02:15]} Rxb8 {[%emt 0:00:06]} 28. Bxb8 {[%emt 0:00:04]} Rd2 {[%emt 0:00:30]} 29. h4 {[%emt 0:01:39]} Rb2 {[%emt 0:02:37]} 30. Bf4 {[%emt 0:00:42]} h5 {[%emt 0:00:07]} 31. gxh5 {[%emt 0:00:41]} Rb3 {[%emt 0:00:04]} 32. Kf2 {[%emt 0:00:40]} Ra3 {[%emt 0:00:56]} 33. Ke1 {[%emt 0:03:15]} Ra1+ {[%emt 0:00:15]} 34. Ke2 {[%emt 0:00:07]} Rb1 {[%emt 0:00:48]} 35. Kf2 {[%emt 0:00:49]} Rb3 {[%emt 0:00:06]} 36. Be2 {[%emt 0:00:56]} Ra3 {[%emt 0:00:46]} 37. Bf3 {[%emt 0:01:36]} Ra2+ {[%emt 0:01:16]} 38. Kg3 {[%emt 0:00:53]} Ra3 {[%emt 0:00:20]} 39. h6 {[%emt 0:00:32]} Rb3 {[%emt 0:01:31]} 40. Bh5 {[%emt 0:00:00]} Rb7 {[%emt 0:00:00]} 41. Bd6 {[%emt 0:03:05]} Rb3 {[%emt 0:03:43]} 42. Kf4 {[%emt 0:04:19]} Rb1 {[%emt 0:01:41]} 43. Bxf7+ {[%emt 0:03:02]} Kxf7 {[%emt 0:00:37]} 44. h7 {[%emt 0:00:09]} Rf1+ {[%emt 0:01:37]} 45. Kg3 {[%emt 0:00:21]} 1-0

[Event "Mitropa Online Cup Women 2021"]
[Site "Hybrid"]
[Date "2021.05.04"]
[Round "4.5"]
[White "Urh, Zala"]
[Black "Medic, Mirjana"]
[Result "1/2-1/2"]
[WhiteElo "2173"]
[BlackElo "2147"]
[Annotator "NA"]
[PlyCount "107"]
[EventDate "2021.05.04"]
[EventType "team-tourn"]
[EventCountry "NET"]
[SourceTitle "playchess.com"]
[Source "ChessBase"]
[SourceQuality "1"]
[WhiteTeam "Slovenia"]
[BlackTeam "Croatia"]
[WhiteTeamCountry "SLO"]
[BlackTeamCountry "CRO"]
[TimeControl "40/5400+30:1800+30"]

1. d4 {[%emt 0:00:00]} e6 {[%emt 0:00:12]} 2. Nf3 {[%emt 0:00:23]} d5 {[%emt 0:00:59]} 3. c4 {[%emt 0:00:43]} c6 {[%emt 0:00:53]} 4. e3 {[%emt 0:03:27]} f5 {[%emt 0:02:34]} 5. Bd3 {[%emt 0:07:01]} Nf6 {[%emt 0:00:15]} 6. O-O {[%emt 0:01:47]} Bd6 {[%emt 0:01:08]} 7. b3 {[%emt 0:02:48]} Qe7 {[%emt 0:01:19]} 8. Bb2 {[%emt 0:04:27]} O-O {[%emt 0:05:29]} 9. Nbd2 {[%emt 0:04:53]} b6 {[%emt 0:15:24]} 10. Rc1 {[%emt 0:06:55]} Bb7 {[%emt 0:05:40]} 11. cxd5 {[%emt 0:03:03]} cxd5 {[%emt 0:03:06]} 12. Qe2 {[%emt 0:01:33]} Nc6 {[%emt 0:04:58]} 13. Ne5 {[%emt 0:06:20]} Nb4 {[%emt 0:05:35]} 14. a4 {[%emt 0:08:09]} Rfc8 {[%emt 0:04:46]} 15. Nb1 {[%emt 0:08:22]} Ne4 {[%emt 0:05:17]} 16. f4 {[%emt 0:05:32]} Na2 {[%emt 0:10:49]} 17. Rxc8+ {[%emt 0:04:20]} Rxc8 {[%emt 0:00:18]} 18. g4 {[%emt 0:02:14]} Nb4 {[%emt 0:04:19]} 19. gxf5 {[%emt 0:13:24]} exf5 {[%emt 0:01:25]} 20. Nd2 {[%emt 0:00:39]} Rc7 {[%emt 0:07:08]} 21. Ndf3 {[%emt 0:02:33]} Qe8 {[%emt 0:01:04]} 22. Rc1 {[%emt 0:02:43]} Rxc1+ {[%emt 0:01:06]} 23. Bxc1 {[%emt 0:00:06]} Qc8 {[%emt 0:01:16]} 24. Bb2 {[%emt 0:00:41]} Nxd3 {[%emt 0:01:52]} 25. Qxd3 {[%emt 0:01:19]} Ba6 {[%emt 0:00:16]} 26. Qd1 {[%emt 0:00:35]} Bb4 {[%emt 0:01:25]} 27. Qc1 {[%emt 0:01:23]} Qxc1+ {[%emt 0:01:06]} 28. Bxc1 {[%emt 0:00:08]} Be2 {[%emt 0:00:43]} 29. Kg2 {[%emt 0:01:26]} Bd1 {[%emt 0:02:03]} 30. Nc6 {[%emt 0:00:57]} Bf8 {[%emt 0:00:44]} 31. Nxa7 {[%emt 0:01:17]} Bxb3 {[%emt 0:00:12]} 32. Nc8 {[%emt 0:00:39]} Bxa4 {[%emt 0:01:45]} 33. Nxb6 {[%emt 0:00:12]} Bb3 {[%emt 0:00:12]} 34. Ne5 {[%emt 0:01:01]} g6 {[%emt 0:01:21]} 35. Bb2 {[%emt 0:03:19]} Kg7 {[%emt 0:00:43]} 36. Nbd7 {[%emt 0:00:14]} Bd6 {[%emt 0:00:19]} 37. Bc1 {[%emt 0:00:40]} Bb4 {[%emt 0:02:06]} 38. Nc6 {[%emt 0:01:13]} Bd6 {[%emt 0:01:02]} 39. Nce5 {[%emt 0:00:10]} h6 {[%emt 0:02:28]} 40. Kf3 {[%emt 0:00:00]} g5 {[%emt 0:00:00]} 41. fxg5 {[%emt 0:05:07]} hxg5 {[%emt 0:01:47]} 42. h3 {[%emt 0:01:34]} Bd1+ {[%emt 0:08:45]} 43. Kg2 {[%emt 0:00:19]} g4 {[%emt 0:02:41]} 44. hxg4 {[%emt 0:02:25]} fxg4 {[%emt 0:00:14]} 45. Nb6 {[%emt 0:10:43]} Bxe5 {[%emt 0:07:09]} 46. dxe5 {[%emt 0:01:12]} Bf3+ {[%emt 0:00:10]} 47. Kf1 {[%emt 0:06:09]} Ng3+ {[%emt 0:01:13]} 48. Kf2 {[%emt 0:00:44]} Nf5 {[%emt 0:00:57]} 49. Bb2 {[%emt 0:01:28]} Kf7 {[%emt 0:00:18]} 50. Nc8 {[%emt 0:02:10]} Ke6 {[%emt 0:01:09]} 51. Nd6 {[%emt 0:00:37]} Ne7 {[%emt 0:06:41]} 52. Nb5 {[%emt 0:01:11]} Nc6 {[%emt 0:02:19]} 53. Nd4+ {[%emt 0:01:02]} Nxd4 {[%emt 0:00:06]} 54. Bxd4 {[%emt 0:00:14]} 1/2-1/2